Statistics for 10 U.S. States With The Highest Murder Rates

Click here to take the quiz!

General Stats

  • This quiz has been taken 44,335 times
    (19,995 since last reset)
  • The average score is 7 of 10

Answer Stats

Murder Rate% Change State% Correct
9.6+52Alabama
80%
8.8+57Georgia
77%
9.1+63Illinois
74%
10.6+33Mississippi
74%
15.8+41Louisiana
67%
9.6+65Tennessee
62%
10.6+93Arkansas
61%
10.5+54South Carolina
59%
11.8+93Missouri
58%
9.1+34Maryland
45%

Score Distribution

Percentile by Number Answered

Percent of People with Each Score

Your Score History

You have not taken this quiz since the last reset